[Event "19MCR_F"]
[Site "?"]
[Date "2007.??.??"]
[Round "?"]
[White "Vozda, Jindrich"]
[Black "Kuta, Jiri"]
[Result "1-0"]
[WhiteElo "2469"]
[BlackElo "2330"]
[PlyCount "55"]
[EventDate "2007.??.??"]
[EventType "corr"]
[EventRounds "1"]
[SourceDate "2007.03.26"]

1. e4 c5 2. Nf3 Nc6 3. d4 cxd4 4. Nxd4 Nf6 5. Nc3 e5 6. Ndb5 d6 7. Bg5 a6 8.
Na3 b5 9. Bxf6 gxf6 10. Nd5 f5 11. c3 Bg7 12. exf5 Bxf5 13. Nc2 Ne7 14. Bd3 Be6
15. Nxe7 Qxe7 16. Be4 O-O-O 17. Bc6 d5 18. a4 d4 19. axb5 dxc3 20. Qc1 e4 21.
b3 Qd6 22. O-O axb5 23. Ra8+ Kc7 24. Ra7+ Kxc6 25. Ra6+ Kc7 26. Rxd6 Rxd6 27.
Qg5 Rg8 28. h3 1-0

[Event "19MCR_F"]
[Site "?"]
[Date "2007.??.??"]
[Round "?"]
[White "Vozda, Jindrich"]
[Black "Mateka, Petr"]
[Result "1/2-1/2"]
[WhiteElo "2469"]
[BlackElo "2275"]
[PlyCount "148"]
[EventDate "2007.??.??"]
[EventType "corr"]
[EventRounds "1"]
[SourceDate "2007.03.26"]

1. e4 e5 2. Nf3 Nc6 3. Bb5 a6 4. Ba4 Nf6 5. O-O Be7 6. Re1 b5 7. Bb3 O-O 8. h3
Bb7 9. d3 d6 10. a3 Qd7 11. Nbd2 Nd8 12. Nf1 c5 13. Ng3 Ne6 14. Ba2 Rfe8 15.
Nf5 Bf8 16. Nh2 h5 17. Nf3 c4 18. Ng3 Rac8 19. b3 cxd3 20. cxd3 b4 21. axb4 Qb5
22. Bd2 d5 23. Bb1 Bxb4 24. Bxb4 Qxb4 25. Ra4 Qc3 26. Ne2 Qc7 27. Ng3 Rcd8 28.
Qc1 Qb6 29. Nf5 dxe4 30. dxe4 Qxb3 31. Rc4 Nf4 32. Kh2 h4 33. Nxe5 Rxe5 34.
Qxf4 Qxc4 35. Qxe5 Qb4 36. Qc7 Rd7 37. Qb8+ Kh7 38. Rf1 g6 39. Qf4 Kg8 40. Nxh4
Nh5 41. Qe3 a5 42. Nf3 a4 43. Re1 Nf6 44. Ne5 Rd2 45. Nd3 Qxe4 46. Qg3 Qc6 47.
Re7 Nd7 48. Re8+ Nf8 49. Rd8 Re2 50. Nf4 Qb6 51. Qg5 Re5 52. Qh4 Re1 53. Ba2
Kg7 54. Rb8 Qc7 55. Qg3 Qc1 56. Nh5+ Kh6 57. Qf4+ Kxh5 58. Qxc1 Rxc1 59. Rxb7
f5 60. Ra7 Rc2 61. Bg8 Rd2 62. f4 Rd4 63. Ra8 Nd7 64. Be6 Kh6 65. Rd8 a3 66.
Bxd7 a2 67. Rh8+ Kg7 68. Ra8 Rxd7 69. Rxa2 Rd4 70. Kg3 Rd3+ 71. Kh4 Kh6 72. Ra4
Rb3 73. Ra6 Rb4 74. g3 Rc4 1/2-1/2

[Event "19MCR_F"]
[Site "?"]
[Date "2007.??.??"]
[Round "?"]
[White "Vozda, Jindrich"]
[Black "Nejtek, Jiri"]
[Result "1/2-1/2"]
[WhiteElo "2469"]
[BlackElo "2360"]
[PlyCount "83"]
[EventDate "2007.??.??"]
[EventType "corr"]
[EventRounds "1"]
[SourceDate "2007.03.26"]

1. e4 e5 2. Nf3 Nc6 3. Bb5 a6 4. Ba4 Nf6 5. O-O Be7 6. Re1 b5 7. Bb3 O-O 8. h3
Bb7 9. d3 d6 10. a3 Na5 11. Ba2 c5 12. Nc3 Nc6 13. Nd5 Nxd5 14. Bxd5 Qc7 15. c3
Nb8 16. Bxb7 Qxb7 17. d4 Nc6 18. Be3 Rfd8 19. d5 Na5 20. Nd2 c4 21. Qg4 g6 22.
f4 exf4 23. Bd4 Bf8 24. Qxf4 Bg7 25. Rf1 Nb3 26. Nxb3 cxb3 27. Bxg7 Kxg7 28. h4
Qe7 29. h5 gxh5 30. Rae1 f6 31. Re3 Rg8 32. Qh4 Rae8 33. Rf5 Kh8 34. Qxf6+ Qxf6
35. Rxf6 Rg6 36. Rf4 Rg4 37. g3 Kg7 38. Kf2 Re5 39. Re1 Kg6 40. Kf3 Reg5 41.
Rxg4 hxg4+ 42. Kf4 1/2-1/2

[Event "19MCR_F"]
[Site "?"]
[Date "2007.??.??"]
[Round "?"]
[White "Vozda, Jindrich"]
[Black "Pravec, Ladislav"]
[Result "1-0"]
[WhiteElo "2469"]
[BlackElo "2352"]
[PlyCount "115"]
[EventDate "2007.??.??"]
[EventType "corr"]
[EventRounds "1"]
[SourceDate "2007.03.26"]

1. e4 c5 2. Nf3 d6 3. c3 Nf6 4. h3 Nc6 5. Bd3 d5 6. e5 Nd7 7. Qe2 e6 8. O-O Be7
9. Re1 O-O 10. Bc2 Qb6 11. a3 f6 12. exf6 Nxf6 13. d3 Bd7 14. b4 Rac8 15. Be3
Nh5 16. Nbd2 Nf4 17. Qf1 d4 18. bxc5 Bxc5 19. Reb1 Qd8 20. cxd4 Bb6 21. Bb3 Nd5
22. Rc1 Be8 23. Qe1 Rc7 24. Rab1 Bg6 25. Bc4 Ba5 26. Qe2 Bb6 27. Kh1 Bh5 28.
Qe1 Ba5 29. Ng5 Qd7 30. Nge4 Qe7 31. f3 Bb6 32. Bf2 Nf4 33. Nb3 Kh8 34. a4 Qf7
35. Bg3 Qf5 36. Qd2 g5 37. Rf1 Rg7 38. Bh2 Be8 39. Qb2 Bd7 40. a5 Nxa5 41. Nxa5
Bxa5 42. Nd6 Qf6 43. Nxb7 Bb6 44. Nc5 Bc8 45. Rfe1 Re8 46. Re4 Rge7 47. Qd2 Bc7
48. Rbe1 a5 49. Qa2 e5 50. dxe5 Rxe5 51. Rxe5 Rxe5 52. Ne4 Qg7 53. Bg1 Bxh3 54.
gxh3 Qd7 55. Re3 Qxh3+ 56. Qh2 Qxh2+ 57. Bxh2 Re8 58. d4 1-0

[Event "19MCR_F"]
[Site "?"]
[Date "2007.??.??"]
[Round "?"]
[White "Vozda, Jindrich"]
[Black "Volek, Stanislav"]
[Result "1-0"]
[WhiteElo "2469"]
[BlackElo "2305"]
[PlyCount "97"]
[EventDate "2007.??.??"]
[EventType "corr"]
[EventRounds "1"]
[SourceDate "2007.03.26"]

1. e4 e6 2. d4 d5 3. Nc3 Bb4 4. Nge2 dxe4 5. a3 Bxc3+ 6. Nxc3 Nc6 7. Bf4 Nge7
8. Nxe4 Ng6 9. Be3 f5 10. Ng5 h6 11. Nh3 O-O 12. f4 Qd5 13. c4 Qd6 14. Qd2 Rd8
15. Rd1 Bd7 16. Qf2 Na5 17. Qc2 Bc6 18. b4 Be4 19. Bd3 Bxd3 20. Rxd3 Nc6 21.
O-O a6 22. Rfd1 Nce7 23. d5 exd5 24. cxd5 Kh7 25. Bc5 Qf6 26. Bd4 Qd6 27. Bb2
Rd7 28. g3 Rad8 29. Nf2 Qb6 30. Qc3 Nc8 31. h4 Nd6 32. h5 Nf8 33. Qc2 Re8 34.
Bd4 Qb5 35. g4 Rf7 36. g5 hxg5 37. Nh3 Ne4 38. fxg5 Rfe7 39. g6+ Kg8 40. Nf4
Qd7 41. Qh2 Qd6 42. Rf1 c5 43. bxc5 Nxc5 44. Rdf3 Ncd7 45. h6 Ne5 46. Rg3 Nfxg6
47. hxg7 Rxg7 48. Qg2 Ng4 49. Nh5 1-0